समान्तर रेखाएँ: (Record no. 54477)

MARC details
000 -LEADER
fixed length control field 01094nam a22002777a 4500
005 - DATE AND TIME OF LATEST TRANSACTION
control field 20110125140113.0
008 - FIXED-LENGTH DATA ELEMENTS--GENERAL INFORMATION
fixed length control field 110125t xxu||||| |||| 00| 0 mar d
010 ## - LCCN (DPL NO)
LC control number HIN-93435
020 ## - INTERNATIONAL STANDARD BOOK NUMBER
International Standard Book Number 9788173232084
Terms of availability 150.00
035 ## - SYSTEM CONTROL NUMBER
System control number HN-65781
037 ## - SOURCE OF ACQUISITION
Source of stock number/acquisition DBAD / PUB
040 ## - CATALOGING SOURCE
Original cataloging agency DPL
Language of cataloging HN
082 ## - DEWEY DECIMAL CLASSIFICATION NUMBER
Classification number
100 ## - MAIN ENTRY--PERSONAL NAME
9 (RLIN) 25582
Personal name अलका प्रमोद
245 ## - TITLE STATEMENT
Title समान्तर रेखाएँ:
Statement of responsibility, etc अलका प्रमोद
Remainder of title कहानी संग्रह /
246 ## - VARYING FORM OF TITLE
Title proper/short title Samantar rekhain
Remainder of title by Alka Pramod
260 ## - PUBLICATION, DISTRIBUTION, ETC. (IMPRINT)
Place of publication, distribution, etc सुलभ प्रकाशन
Name of publisher, distributor, etc लखनऊ
Date of publication, distribution, etc 2011
270 ## - ADDRESS
Address 17, अशोक मार्ग
City लखनऊ
Telephone number 0522 2288381
300 ## - PHYSICAL DESCRIPTION
Extent 95पृ
Dimensions 22सेमी (सजिल्द)
650 ## - SUBJECT ADDED ENTRY--TOPICAL TERM
Topical term or geographic name as entry element लघु कथाएँ, हिन्दी
9 (RLIN) 1169
650 ## - SUBJECT ADDED ENTRY--TOPICAL TERM
Topical term or geographic name as entry element Short Stories, Hindi
9 (RLIN) 30223
700 ## - ADDED ENTRY--PERSONAL NAME
9 (RLIN) 25583
700 ## - ADDED ENTRY--PERSONAL NAME
9 (RLIN) 30222
942 ## - ADDED ENTRY ELEMENTS (KOHA)
Source of classification or shelving scheme Dewey Decimal Classification
Item type Marathi Books
Classification part
Call number suffix अलका
Holdings
Withdrawn status Lost status Source of classification or shelving scheme Damaged status Not for loan Collection code Home library Current library Date acquired Source of acquisition Cost, normal purchase price Total Checkouts Full call number Barcode Date last seen Copy number Cost, replacement price Koha item type
    Dewey Decimal Classification   Not For Loan Fiction D.B.Act.Division D.B.Act.Division 27/07/2011 DBAD / PUB 150.00   क अलका HN-65781 27/07/2011 1 150.00 Marathi Books

© Delhi Public Library
Hit Counter
free hit counter